Palliative care : (Record no. 4894)
[ view plain ]
| 000 -LEADER | |
|---|---|
| fixed length control field | 01082cam a22003134a 4500 |
| 001 - CONTROL NUMBER | |
| control field | 14599118 |
| 003 - CONTROL NUMBER IDENTIFIER | |
| control field | OSt |
| 005 - DATE AND TIME OF LATEST TRANSACTION | |
| control field | 20160729170358.0 |
| 008 - FIXED-LENGTH DATA ELEMENTS--GENERAL INFORMATION | |
| fixed length control field | 061017s2007 pau 000 0 eng |
| 010 ## - LIBRARY OF CONGRESS CONTROL NUMBER | |
| LC control number | 2006034475 |
| 020 ## - INTERNATIONAL STANDARD BOOK NUMBER | |
| International Standard Book Number | 1416025979 |
| 035 ## - SYSTEM CONTROL NUMBER | |
| System control number | (DNLM)101290122 |
| 040 ## - CATALOGING SOURCE | |
| Original cataloging agency | DNLM/DLC |
| Transcribing agency | DLC |
| Modifying agency | DLC |
| 042 ## - AUTHENTICATION CODE | |
| Authentication code | pcc |
| 082 ## - DEWEY DECIMAL CLASSIFICATION NUMBER | |
| Classification number | WB 100 |
| Item number | P179i 2007 |
| 245 00 - TITLE STATEMENT | |
| Title | Palliative care : |
| Remainder of title | core skills and clinical competencies / |
| Statement of responsibility, etc. | [edited by] Linda Emanuel, S. Lawrence Librach. |
| 250 ## - EDITION STATEMENT | |
| Edition statement | 1st ed. |
| 260 ## - PUBLICATION, DISTRIBUTION, ETC. (IMPRINT) | |
| Place of publication, distribution, etc. | Philadelphia, PA : |
| Name of publisher, distributor, etc. | Saunders/Elsevier, |
| Date of publication, distribution, etc. | 2007. |
| 300 ## - PHYSICAL DESCRIPTION | |
| Extent | xxx, 705 p. ; |
| Dimensions | 23 cm. |
| 650 #0 - SUBJECT ADDED ENTRY--TOPICAL TERM | |
| Topical term or geographic name as entry element | Palliative treatment. |
| 9 (RLIN) | 10516 |
| 650 12 - SUBJECT ADDED ENTRY--TOPICAL TERM | |
| Topical term or geographic name as entry element | Palliative Care. |
| 9 (RLIN) | 1786 |
| 650 22 - SUBJECT ADDED ENTRY--TOPICAL TERM | |
| Topical term or geographic name as entry element | Clinical Competence. |
| 9 (RLIN) | 2028 |
| 700 1# - ADDED ENTRY--PERSONAL NAME | |
| Personal name | Emanuel, Linda L. |
| 9 (RLIN) | 10517 |
| 700 1# - ADDED ENTRY--PERSONAL NAME | |
| Personal name | Librach, S. Lawrence. |
| 9 (RLIN) | 10518 |
| 856 41 - ELECTRONIC LOCATION AND ACCESS | |
| Materials specified | Table of contents only |
| Uniform Resource Identifier | http://www.loc.gov/catdir/toc/ecip073/2006034475.html |
| 906 ## - LOCAL DATA ELEMENT F, LDF (RLIN) | |
| a | 7 |
| b | cbc |
| c | orignew |
| d | 1 |
| e | ecip |
| f | 20 |
| g | y-gencatlg |
| 942 ## - ADDED ENTRY ELEMENTS (KOHA) | |
| Source of classification or shelving scheme | Other/Generic Classification Scheme |
| Koha item type | Open Shelf |
| Withdrawn status | Lost status | Source of classification or shelving scheme | Damaged status | Not for loan | Home library | Current library | Date acquired | Source of acquisition | Inventory number | Total Checkouts | Full call number | Barcode | Date last seen | Price effective from | Koha item type |
|---|---|---|---|---|---|---|---|---|---|---|---|---|---|---|---|
| Other/Generic Classification Scheme | MUST Main Library | MUST Main Library | 29/07/2016 | 2010/32472 | WB 100 P179i 2007 | 2016-3492 | 29/07/2016 | 29/07/2016 | Open Shelf |
